Del capital objetivado al capital cultural: el problema de la formación del ser latinoamericano = From objectified capital to cultural capital: the problem of the formation of the latin american being /
Shranjeno v:
| Glavni avtor: | |
|---|---|
| Format: | Texto |
| Oznake: |
Označite
Brez oznak, prvi označite!
|
MARC
| LEADER | 00000 a a2200000 04500 | ||
|---|---|---|---|
| 001 | 46826 | ||
| 003 | |||
| 040 | |||
| 090 | |a REV1025 (39) 2007 | ||
| 100 | |a Pérez Luna, Enrique | ||
| 245 | |a Del capital objetivado al capital cultural: el problema de la formación del ser latinoamericano = |b From objectified capital to cultural capital: the problem of the formation of the latin american being / |c Enrique Pérez Luna | ||
| 773 | |g número39 (julio-diciembre, 2007), páginas 115-128 | ||
| 999 | |c 19790 |d 19790 | ||
